Plain City / (Record no. 27612)
[ view plain ]
| 000 -LEADER | |
|---|---|
| fixed length control field | 00856cam a2200289Ia 4500 |
| 001 - CONTROL NUMBER | |
| control field | sjds45105584 |
| 003 - CONTROL NUMBER IDENTIFIER | |
| control field | sjds |
| 005 - DATE AND TIME OF LATEST TRANSACTION | |
| control field | 20221223212223.0 |
| 008 - FIXED-LENGTH DATA ELEMENTS--GENERAL INFORMATION | |
| fixed length control field | 001002s1996 sp 000 1 spa d |
| 020 ## - INTERNATIONAL STANDARD BOOK NUMBER | |
| International Standard Book Number | 8434846861 : |
| Terms of availability | $5.55 |
| 020 ## - INTERNATIONAL STANDARD BOOK NUMBER | |
| International Standard Book Number | 9788434846869 |
| 040 ## - CATALOGING SOURCE | |
| Original cataloging agency | POR |
| Transcribing agency | POR |
| Modifying agency | OCL |
| -- | JQB |
| 041 1# - LANGUAGE CODE | |
| Language code of text/sound track or separate title | spa |
| Language code of original | eng |
| 050 00 - LIBRARY OF CONGRESS CALL NUMBER | |
| Classification number | [Fic] |
| 100 1# - MAIN ENTRY--PERSONAL NAME | |
| Personal name | Hamilton, Virginia. |
| 245 10 - TITLE STATEMENT | |
| Title | Plain City / |
| Statement of responsibility, etc. | Virginia Hamilton ; [traduccion del ingles, Amalia bermejo y Ma. Teresa Marcos]. |
| 260 ## - PUBLICATION, DISTRIBUTION, ETC. (IMPRINT) | |
| Place of publication, distribution, etc. | Madrid : |
| Name of publisher, distributor, etc. | Ediciones SM, |
| Date of publication, distribution, etc. | c1996. |
| 300 ## - PHYSICAL DESCRIPTION | |
| Extent | 167 p. ; |
| Dimensions | 19 cm. |
| 490 1# - SERIES STATEMENT | |
| Series statement | El barco de vapor ; |
| Volume/sequential designation | 86. |
| 500 ## - GENERAL NOTE | |
| General note | Translation of: Plain City. |
| 650 #0 - SUBJECT ADDED ENTRY--TOPICAL TERM | |
| Topical term or geographic name as entry element | Fathers and daughters |
| Form subdivision | Fiction. |
| 650 #0 - SUBJECT ADDED ENTRY--TOPICAL TERM | |
| Topical term or geographic name as entry element | African Americans |
| Form subdivision | Fiction. |
| 650 #0 - SUBJECT ADDED ENTRY--TOPICAL TERM | |
| Topical term or geographic name as entry element | Identity |
| Form subdivision | Fiction. |
| 650 #0 - SUBJECT ADDED ENTRY--TOPICAL TERM | |
| Topical term or geographic name as entry element | Spanish fiction. |
| 830 #0 - SERIES ADDED ENTRY--UNIFORM TITLE | |
| Uniform title | Barco de vapor; |
| Volume number/sequential designation | 86. |
| 942 ## - ADDED ENTRY ELEMENTS (KOHA) | |
| Koha item type | Libro/Book |
| Withdrawn status | Lost status | Damaged status | Not for loan | Home library | Current library | Date acquired | Total Checkouts | Total Renewals | Full call number | Barcode | Date last seen | Date checked out | Price effective from | Koha item type | Inventory number |
|---|---|---|---|---|---|---|---|---|---|---|---|---|---|---|---|
| San Juan Del Sur -- Mobile | San Juan Del Sur -- Mobile | 23/12/2022 | 1 | 1 | JF | 33017039 | 21/11/2024 | 03/04/2024 | 23/12/2022 | Libro/Book | Inventory date: 27-2-25 | ||||
| San Juan Del Sur -- Mobile | San Juan Del Sur -- Mobile | 31/10/2024 | JF | 30029865 | 31/10/2024 | 31/10/2024 | Libro/Book | Inventory date: 15-5-25 | |||||||
| San Juan Del Sur -- Mobile | San Juan Del Sur -- Mobile | 31/10/2024 | JF | 30029867 | 31/10/2024 | 31/10/2024 | Libro/Book | Inventory date: 15-5-25 | |||||||
| San Juan Del Sur -- Mobile | Sapoa | 23/12/2022 | 2 | 2 | JF | 33017033 | 16/05/2024 | 02/04/2024 | 23/12/2022 | Libro/Book |